00353nam a2200157Ia 45000010006000000050017000060080041000230410008000640820015000721000030000872450025001172600009001423000028001516500008001796540008001872513420260414151129.0260414t1993||||xx |||||||||||||| ||spa|| aESP a346.2bI24 aIbarrola, Antonio deeAUT 0aDerecho de familiab c1993 a608 páginas :c23 cm. aDER aCDE